Online Catalogue and eLibrary

Koovil nilam caati (Record no. 4713)

MARC details
000 -LEADER
fixed length control field 00375nam a2200157Ia 4500
005 - DATE AND TIME OF LATEST TRANSACTION
control field 20250429084506.0
008 - FIXED-LENGTH DATA ELEMENTS--GENERAL INFORMATION
fixed length control field 240331s9999 xx 000 0 und d
020 ## - INTERNATIONAL STANDARD BOOK NUMBER
ISBN 9788189945299
082 ## - DDC Classification
Item Number - Author Mark VEL
Class No. 291
100 ## - MAIN ENTRY--PERSONAL NAME
Personal name Velusamy,B
245 #0 - TITLE STATEMENT
Title Koovil nilam caati
260 ## - PUBLICATION, DISTRIBUTION, ETC.
Place of publication, distribution, etc. Nagercoil
Name of publisher, distributor, etc. Kalachuvadu Pathippagam
Date of publication, distribution, etc. 2007
300 ## - PHYSICAL DESCRIPTION
Extent (e.g. Volumes, Pages etc.) 135 p .,
650 ## - SUBJECT ADDED ENTRY--TOPICAL TERM
Topical term or geographic name entry element Essays
942 ## - Koha item type (Biblio)
Koha item type Books in Stacks (Lending)
Holdings
Lost status Damaged status Collection code Home library Current library Shelving location Date acquired Full call number Accession Number Item type
    Lending WERC Library WERC Library Social Science Cupboard 03/31/2024 291 VEL 6464 Books in Stacks (Lending)

© WERC Library